El libro de España

Gespeichert in:
Bibliographische Detailangaben
Körperschaft: F. T. D.
Format: Buch
Sprache:Spanisch
Erschienen: Zaragoza : Luis Vives, 1928
Katalog:MANES:  Suchergebnis im Bibliothekskatalog
Schulbuchspezifische Eigenschaften:
Tags: Tag hinzufügen
Keine Tags, Fügen Sie den ersten Tag hinzu!
Hinzugefügt zu:09.02.2019
Geändert in:07.05.2025

MARC

LEADER 00000cam a2200000 4500
005 20250507134541.0
008 190210S1928 0espa 0000 00spa0d
040 |a uned  |b spa  |c entro-manes 
041 0 |a spa 
110 2 |a F. T. D.   |9 21531 
245 1 3 |a El libro de España  |c por F.T.D. 
260 |a Zaragoza :  |b Luis Vives,  |c 1928 
300 |a 324 p. :  |b il. 
546 |a España 
561 |5 es-BUNED  |3 L.T. 1831  |a España. Fondo Manes UNED  |k MANES 
690 0 |a GEO 
691 0 |a IN 
942 |2 ddc  |c BK 
999 |c 97041  |d 97041 
999 |c manes:97041  |d 97041